Lengua castellana y comunicación 2§ medio: guía didáctica para el profesor
Saved in:
| Main Authors: | , |
|---|---|
| Format: | Bog |
| Sprog: | spansk |
| Udgivet: |
Santiago
Edebé
2005
|
| Fag: | |
| Tags: |
Tilføj Tag
Ingen Tags, Vær først til at tagge denne postø!
|
MARC
| LEADER | 00000nam a2200000 a 4500 | ||
|---|---|---|---|
| 001 | UCJ0672 | ||
| 003 | CL-VaPUC | ||
| 008 | 060825e20050000CL |||||||||||||||||spa|d | ||
| 020 | |a 9561807211 | ||
| 082 | 0 | 4 | |a 401.12 |b QUI |2 21 |
| 100 | 0 | |a Quiroz Muñoz, Elizabeth del Carmen |e author |9 500918 | |
| 700 | 0 | |a Rojas Larrañaga, María Isabel |e author |9 500919 | |
| 245 | 1 | 0 | |a Lengua castellana y comunicación 2§ medio: guía didáctica para el profesor |
| 300 | |a 64 p | ||
| 942 | |c BK | ||
| 945 | |d 20060825 00:00:00 |a jtorresc | ||
| 260 | |a Santiago |b Edebé |c 2005 | ||
| 500 | |a www.edebe.cl | ||
| 650 | 0 | |a Educación lingüística |9 306506 | |
| 650 | 7 | |a LIBRO DE TEXTO |2 CL-VaPUC |9 309176 | |
| 650 | 0 | |a Métodos de enseñanza |9 270413 | |
| 650 | 0 | |a Currículo |9 307290 | |
| 583 | |a last modification |c 20140408 10:40:29 |k Rodrigo Vera | ||
| 999 | |c 317436 |d 317434 | ||
| 952 | |0 0 |1 0 |4 0 |6 401_120000000000000_QUI_2005 |7 0 |8 A |9 393812 |a BIBEDU |b BIBEDU |d 2019-11-22 |i 4267249 |o 401.12 QUI 2005 |p 4267249 |r 2019-11-22 |w 2019-11-22 |y BK |k LIT | ||
| 952 | |0 0 |1 0 |4 0 |6 401_120000000000000_QUI_2005 |7 0 |8 A |9 393813 |a BIBEDU |b BIBEDU |d 2019-11-22 |i 4421167 |o 401.12 QUI 2005 |p 4421167 |r 2019-11-22 |w 2019-11-22 |y BK |k EDU | ||
| 952 | |0 0 |1 0 |4 0 |6 401_120000000000000_QUI_2005 |7 0 |8 A |9 393814 |a BIBEDU |b BIBEDU |d 2019-11-22 |i 446642K |o 401.12 QUI 2005 |p 446642K |r 2019-11-22 |w 2019-11-22 |y BK |k LIT | ||
| 952 | |0 0 |1 0 |4 0 |6 401_120000000000000_QUI_2005 |7 0 |8 A |9 393815 |a BIBEDU |b BIBEDU |d 2019-11-22 |i 4466438 |o 401.12 QUI 2005 |p 4466438 |r 2019-11-22 |w 2019-11-22 |y BK |k LIT | ||
| 952 | |0 0 |1 0 |4 0 |6 401_120000000000000_QUI_2005 |7 0 |8 A |9 393816 |a BIBEDU |b BIBEDU |d 2019-11-22 |i 4466446 |o 401.12 QUI 2005 |p 4466446 |r 2019-11-22 |w 2019-11-22 |y BK |k LIT | ||